| 000 | 00980nam a22002297a 4500 | ||
|---|---|---|---|
| 999 |
_c5034 _d5034 |
||
| 003 | AR-CdUCM | ||
| 008 | 190311b ||||| |||| 00| 0 spa d | ||
| 040 |
_aMUNICIPALIDAD PROVINCIAL DEL CUSCO _cBIBLIOTECA MUNICIPAL DEL CUSCO |
||
| 082 |
_a370.1 / _bG79 |
||
| 100 |
_aGresvi, Svetlana _915375 |
||
| 245 |
_a¿Objetivos vs competencias? : _bAnálisis histórico y epistemológico de los constructos curriculares, objetivo educacional y competencia / |
||
| 260 |
_aLima : _bDanny Graff, _c2014. |
||
| 300 |
_a204 páginas ; _c22 cm. |
||
| 505 | _aNacimiento y afirmación de la concepción científica tecnológica -- Pre ingeniería y difusión del paradigma científico -- Constructo competencia y su transformación histórica... | ||
| 650 |
_aEducación. _9460 |
||
| 650 |
_aEpistemología. _915376 |
||
| 650 |
_aConcepción científica. _915377 |
||
| 650 |
_aParadigma científico. _915378 |
||
| 700 |
_aCuba Esquivel, Amadeo _915379 |
||
| 942 |
_2ddc _cLIBROS |
||
| 945 | _awfj | ||